005670000a220018100045000410008000000820020000081000028000282450046000562600034001023000012001360010005001489420007001539520120001609990017002803360027002973370033003243380028003570 aSPA04aG 327.16 C5819r1 aCiudad, Ricardo (1934-)10aLa resistencia palestina / Ricardo Ciudad aMadrid, España : Guadarrama a257 Pag9682 cBK 001040708GENaFUSBCbFUSBCd2005-01-20l0oG 327.16 C5819r p11622r2019-12-12 00:00:00t1w2016-01-26yBKB0C3 c39569d39569 atextobtxt2rdacontent 2rdamediaasin mediaciónbn 2rdacarrieravolumenbnc